| 000 | 00656nam a22002052 4500 | ||
|---|---|---|---|
| 001 | 0000008501 | ||
| 005 | 20151217152034.0 | ||
| 008 | 080416s xx 000 0 eng d | ||
| 020 |
_a0801022460 : _cKES n1900 |
||
| 040 |
_aKABU _cKABU |
||
| 245 | 1 | 0 |
_aEvangelical futures : _ba conversation on theological method / _cJohn G. Stackhouse, Jr., editor. |
| 260 |
_aGrand Rapids, MI : _bBaker Books, _c2000. |
||
| 300 | _a214 p. | ||
| 650 | 0 |
_aEvangelicalism. _@0000148902 |
|
| 650 | 0 |
_aTheology, Doctrinal. _@0000100890 |
|
| 700 | 1 |
_aStackhouse, John G. _@0000159112 |
|
| 908 | _a080416 | ||
| 950 | _@1 | ||
| 999 |
_c7608 _d7608 |
||